Llama viva / (Record no. 148469)

MARC details
000 -LEADER
campo de control de longitud fija 00540nam a2200181 4500
001 - NÚMERO DE CONTROL
campo de control 148469
003 - IDENTIFICADOR DE NÚMERO DE CONTROL
campo de control ES-MaACL
005 - FECHA Y HORA DE LA ÚLTIMA TRANSACCIÓN
campo de control 20240223183609.0
007 - CAMPO FIJO DE DESCRIPCIÓN FÍSICA--INFORMACIÓN GENERAL
campo de control de longitud fija t|
008 - DATOS DE LONGITUD FIJA--INFORMACIÓN GENERAL
campo de control de longitud fija 070214s1969 sp r ||||1| spa d
100 1# - ENTRADA PRINCIPAL--NOMBRE DE PERSONA
Nombre de persona Steinbeck, John (
Fechas asociadas al nombre 1902-1968)
9 (RLIN) 108042
245 10 - MENCIÓN DEL TÍTULO
Título Llama viva /
Mención de responsabilidad, etc. John Steinbeck ; traducción de Rubén Darío (Hijo).
260 ## - PUBLICACIÓN, DISTRIBUCIÓN, ETC.
Lugar de publicación, distribución, etc. Barcelona :
Nombre del editor, distribuidor, etc. Planeta,
Fecha de publicación, distribución, etc. 1969.
300 ## - DESCRIPCIÓN FÍSICA
Extensión 180 p. ;
Dimensiones 19 cm.
700 1# - ENTRADA AGREGADA--NOMBRE PERSONAL
Nombre de persona Darío, Rubén,
Fechas asociadas al nombre 1891-1970
9 (RLIN) 138175
852 ## - LOCALIZACIÓN
Ubicación ES-MaACL
Número de control de estantería C-36479
Sublocalización o colección R.69913
Holdings
Estatus retirado Estado de pérdida Estado de daño No para préstamo Biblioteca de origen Biblioteca actual Ubicación en estantería Fecha de adquisición Fuente de adquisición Total de préstamos Signatura topográfica completa Código de barras Visto por última vez Precio de reemplazo Tipo de ítem Koha
        Biblioteca del Ateneo de Madrid Biblioteca del Ateneo de Madrid Depósito 2 17/01/2008     C-36479 1154942 23/02/2023 23/02/2023 Libro impreso